| 000 | 00706nam a2200277Ia 4500 | ||
|---|---|---|---|
| 008 | 160303s9999 xx 000 0 und d | ||
| 020 | _a971-914321-5 | ||
| 050 | _aFIL HG 3314 | ||
| 050 | _b.M57 2001 c.1 | ||
| 100 | _aMiranda, Gregorio S. | ||
| 245 | _aEssentials of money, credit and banking / | ||
| 245 | _cGregorio S. Miranda. | ||
| 250 | _aRevised Edition | ||
| 260 | _aManila: | ||
| 260 | _bL and G Business House, | ||
| 260 | _c2001 | ||
| 300 | _a531 pages : | ||
| 300 | _billustrations ; | ||
| 300 | _c22 cm. | ||
| 650 | _aBanks and banking -- | ||
| 650 | _aCredit -- | ||
| 650 | _aMoney -- | ||
| 650 | _xPhilippines. | ||
| 650 | _xPhilippines. | ||
| 650 | _xPhilippines. | ||
| 999 |
_c291306 _d291306 |
||